Mozambique and Tanzania: (Record no. 6688)
[ view plain ]
| 000 -LEADER | |
|---|---|
| fixed length control field | 00459nam a22001337a 4500 |
| 008 - FIXED-LENGTH DATA ELEMENTS--GENERAL INFORMATION | |
| fixed length control field | 200323b ||||| |||| 00| 0 eng d |
| 082 ## - DEWEY DECIMAL CLASSIFICATION NUMBER | |
| Classification number | 330.967 8 LAP |
| 100 ## - MAIN ENTRY--PERSONAL NAME | |
| Personal name | Lappe, Frances Moore.- |
| 245 ## - TITLE STATEMENT | |
| Title | Mozambique and Tanzania: |
| Remainder of title | Asking the Big Questions/ |
| Statement of responsibility, etc. | Frances Moore Lappe.- |
| Medium | English. |
| 260 ## - PUBLICATION, DISTRIBUTION, ETC. (IMPRINT) | |
| Place of publication, distribution, etc. | San Francisco: |
| Name of publisher, distributor, etc. | Institute of Food and Development Policy, |
| Date of publication, distribution, etc. | 1979 |
| 300 ## - PHYSICAL DESCRIPTION | |
| Extent | 126p; |
| Dimensions | 22cm.- |
| 650 ## - SUBJECT ADDED ENTRY--TOPICAL TERM | |
| Source of heading or term | ECONOMIC SITUATION - TANZANIA |
| 942 ## - ADDED ENTRY ELEMENTS (KOHA) | |
| Source of classification or shelving scheme | Dewey Decimal Classification |
| Koha item type | BOOKS |
No items available.
